[Event "26th Klatovy A 2018"]
[Site "Klatovy CZE"]
[Date "2018.07.03"]
[Round "4.43"]
[White "Hak, David"]
[Black "Paldus, Jan"]
[Result "1-0"]
[WhiteElo "1886"]
[BlackElo "1778"]
[PlyCount "99"]
[EventDate "2018.06.30"]
[EventType "swiss"]
[EventRounds "9"]
[EventCountry "CZE"]

1. e4 e5 2. Nf3 Nc6 3. d4 exd4 4. Bc4 Be7 5. Nxd4 Ne5 6. Bb3 d6 7. O-O Nf6 8. f4 Nc6 9. Nxc6 bxc6 10. Qf3 Be6 11. Bxe6 fxe6 12. e5 Nd5 13. c4 Nb6 14. Qxc6+ Qd7 15. Qxd7+ Kxd7 16. b3 d5 17. Ba3 c6 18. Bxe7 Kxe7 19. Nd2 Rhf8 20. g3 a5 21. Rac1 Rac8 22. c5 Nd7 23. Nf3 Rc7 24. Nd4 g6 25. h4 Rb8 26. Kf2 a4 27. g4 a3 28. Rc3 Rb4 29. Ke3 Rc8 30. Kd3 h6 31. Nc2 Rb5 32. b4 Rf8 33. Kd4 Ra8 34. Rff3 Ra4 35. g5 h5 36. Kd3 Nb8 37. Kd2 Na6 38. Rxa3 Rxa3 39. Rxa3 Nc7 40. Nd4 Rb7 41. Ra7 Rxa7 42. Nxc6+ Kd7 43. Nxa7 Na6 44. a3 Kc7 45. Nb5+ Kc6 46. Nd4+ Kd7 47. Kc3 Nb8 48. b5 Ke7 49. c6 Kf7 50. c7 1-0

[Event "26th Klatovy A 2018"]
[Site "Klatovy CZE"]
[Date "2018.07.03"]
[Round "4.44"]
[White "Kubat, Martin"]
[Black "Vartazaryan, Gor"]
[Result "1/2-1/2"]
[WhiteElo "1881"]
[BlackElo "1775"]
[PlyCount "28"]
[EventDate "2018.06.30"]
[EventType "swiss"]
[EventRounds "9"]
[EventCountry "CZE"]

1. e4 c5 2. Nf3 d6 3. d4 cxd4 4. Nxd4 Nf6 5. Nc3 a6 6. Be2 e5 7. Nb3 Be7 8. Be3 Be6 9. O-O O-O 10. f3 Nbd7 11. Qd2 b5 12. a3 Rc8 13. Rad1 Nb6 14. Kh1 Nc4 1/2-1/2

[Event "26th Klatovy A 2018"]
[Site "Klatovy CZE"]
[Date "2018.07.03"]
[Round "4.45"]
[White "Kantor, Jozef"]
[Black "Danek, Vaclav"]
[Result "1-0"]
[WhiteElo "1813"]
[BlackElo "1885"]
[PlyCount "67"]
[EventDate "2018.06.30"]
[EventType "swiss"]
[EventRounds "9"]
[EventCountry "CZE"]

1. e4 e5 2. Nf3 Nc6 3. d4 exd4 4. Nxd4 Bc5 5. c3 Qf6 6. Be3 Nge7 7. Na3 a6 8. Nac2 O-O 9. Be2 d5 10. Nxc6 Qxc6 11. e5 Bxe3 12. Nxe3 Be6 13. Qd4 Nf5 14. Nxf5 Bxf5 15. O-O Rad8 16. Rad1 Qe6 17. Rfe1 c6 18. Bf1 Qe7 19. b4 Qc7 20. Re3 Rde8 21. Rde1 b5 22. g4 Be4 23. f3 Bg6 24. h4 h5 25. g5 Bf5 26. Bd3 Qc8 27. f4 Bxd3 28. Rxd3 Qg4+ 29. Kf2 Qxh4+ 30. Rg3 f6 31. gxf6 Qh2+ 32. Kf3 Rxf6 33. Rxg7+ Kf8 34. Qc5+ 1-0

[Event "26th Klatovy A 2018"]
[Site "Klatovy CZE"]
[Date "2018.07.03"]
[Round "4.46"]
[White "Nechutny, Michal"]
[Black "Lhotska, Anna"]
[Result "1/2-1/2"]
[WhiteElo "1746"]
[BlackElo "1689"]
[PlyCount "45"]
[EventDate "2018.06.30"]
[EventType "swiss"]
[EventRounds "9"]
[EventCountry "CZE"]

1. e4 c5 2. c3 d5 3. exd5 Qxd5 4. d4 Nf6 5. Nf3 Bg4 6. Be2 Nc6 7. O-O e6 8. h3 Bh5 9. Be3 cxd4 10. cxd4 Be7 11. Nc3 Qd6 12. a3 O-O 13. Qb3 Rfd8 14. Rfd1 Nd5 15. Nxd5 Qxd5 16. Qxd5 Rxd5 17. g4 Bg6 18. Bc4 Rdd8 19. Ne5 Nxe5 20. dxe5 b6 21. Bb3 Be4 22. Rxd8+ Rxd8 23. Rc1 1/2-1/2

[Event "26th Klatovy A 2018"]
[Site "Klatovy CZE"]
[Date "2018.07.04"]
[Round "5.2"]
[White "Hollan, Martin"]
[Black "Straka, Vojtech"]
[Result "1/2-1/2"]
[WhiteElo "2341"]
[BlackElo "2379"]
[PlyCount "33"]
[EventDate "2018.06.30"]
[EventType "swiss"]
[EventRounds "9"]
[EventCountry "CZE"]

1. e4 c6 2. Nf3 d5 3. Nc3 Bg4 4. h3 Bxf3 5. Qxf3 e6 6. d4 dxe4 7. Nxe4 Qxd4 8. c3 Qb6 9. Be3 Qxb2 10. Rd1 Nd7 11. Rxd7 Kxd7 12. Qxf7+ Ne7 13. Nc5+ Kd8 14. Qxe6 Qb1+ 15. Kd2 Qb2+ 16. Kd3 Qb1+ 17. Kd2 1/2-1/2

[Event "26th Klatovy A 2018"]
[Site "Klatovy CZE"]
[Date "2018.07.04"]
[Round "5.4"]
[White "Parizek, Vojtech"]
[Black "Neuman, Petr"]
[Result "0-1"]
[WhiteElo "2242"]
[BlackElo "2432"]
[PlyCount "126"]
[EventDate "2018.06.30"]
[EventType "swiss"]
[EventRounds "9"]
[EventCountry "CZE"]

1. e4 c5 2. Nf3 d6 3. d4 cxd4 4. Nxd4 Nf6 5. Nc3 Nc6 6. Bg5 Bd7 7. Qd2 Rc8 8. f4 h6 9. Bxf6 gxf6 10. Nf5 Qa5 11. Bd3 Nb4 12. a3 Nxd3+ 13. Qxd3 e6 14. Ne3 Qc5 15. O-O-O h5 16. Rhe1 b5 17. e5 f5 18. exd6 Kd8 19. Nf1 Bg7 20. Re3 b4 21. axb4 Qxb4 22. Qa6 Rb8 23. Qxa7 Qxb2+ 24. Kd2 Qb6 25. Qxb6+ Rxb6 26. Rd3 Bc8 27. Ke1 Ba6 28. Rh3 Rc6 29. Nb1 Rxc2 30. Nbd2 Ra2 31. Ne3 Bd4 32. Nec4 f6 33. Rg3 Bxc4 34. Nxc4 Bf2+ 35. Kf1 Bxg3 36. hxg3 Rc2 37. Nb6 Ke8 38. Ra1 Kf7 39. Ra7+ Kg6 40. Rc7 Rb2 41. Nc4 Rb5 42. Re7 Rc8 43. d7 Rd8 44. Nd6 Rd5 45. Rxe6 Rxd7 46. Nc4 Kf7 47. Re2 Rd4 48. Ne3 Kg6 49. Ra2 Re4 50. Ke2 Rb7 51. Ra3 Rb2+ 52. Kf3 Rd4 53. Nf1 Rd1 54. Ne3 Rdd2 55. Nc4 Rf2+ 56. Ke3 Rbe2+ 57. Kd4 Rxg2 58. Ra6 Re7 59. Ra3 h4 60. gxh4 Rg4 61. Rf3 Re4+ 62. Kd3 Rexf4 63. Rxf4 Rxf4 {Kd4} 0-1

[Event "26th Klatovy A 2018"]
[Site "Klatovy CZE"]
[Date "2018.07.04"]
[Round "5.11"]
[White "Kaderabek, Jiri"]
[Black "Slovak, Kilian"]
[Result "0-1"]
[WhiteElo "2125"]
[BlackElo "2285"]
[PlyCount "66"]
[EventDate "2018.06.30"]
[EventType "swiss"]
[EventRounds "9"]
[EventCountry "CZE"]

1. e4 c5 2. Nf3 Nc6 3. Bb5 g6 4. O-O Bg7 5. d3 e5 6. Bxc6 bxc6 7. Re1 d6 8. a3 a5 9. Nbd2 Nh6 10. Nc4 f6 11. Bd2 a4 12. b4 axb3 13. cxb3 Nf7 14. b4 cxb4 15. axb4 Be6 16. Na5 Ra6 17. Bc3 O-O 18. d4 Qb6 19. Qd3 d5 20. Nxc6 Rxa1 21. Ne7+ Kh8 22. Rxa1 dxe4 23. Qa6 Qc7 24. d5 Bg4 25. Nc6 exf3 26. b5 fxg2 27. Bb4 Qd7 28. Bxf8 Bxf8 29. h4 Bf3 30. Nxe5 Nxe5 31. Qxf6+ Qg7 32. Qxg7+ Kxg7 33. b6 Bd6 0-1

[Event "26th Klatovy A 2018"]
[Site "Klatovy CZE"]
[Date "2018.07.04"]
[Round "5.14"]
[White "Jelinek, Michal"]
[Black "Stinka, Jakub"]
[Result "1-0"]
[WhiteElo "2204"]
[BlackElo "2093"]
[PlyCount "95"]
[EventDate "2018.06.30"]
[EventType "swiss"]
[EventRounds "9"]
[EventCountry "CZE"]

1. d4 Nf6 2. c4 e6 3. Nf3 b6 4. a3 Bb7 5. Nc3 d5 6. Bg5 Be7 7. Qa4+ c6 8. Bxf6 Bxf6 9. cxd5 exd5 10. g3 O-O 11. Bg2 Nd7 12. O-O Re8 13. Rfd1 Nf8 14. Rac1 Ne6 15. e3 Qe7 16. b4 Red8 17. Ne1 a5 18. Qb3 axb4 19. axb4 Qd7 20. Nd3 Qd6 21. Rb1 Rab8 22. Rdc1 Nc7 23. Ra1 Ra8 24. Na4 Ba6 25. Nxb6 Rab8 26. Na4 Bxd3 27. Qxd3 Rxb4 28. Nc5 Ne6 29. Qa3 Rbb8 30. Bh3 g6 31. Nxe6 fxe6 32. Qc5 e5 33. dxe5 Bxe5 34. Ra6 Qxc5 35. Rxc5 Rf8 36. Raxc6 Rb1+ 37. Bf1 Rd1 38. Rxd5 Rxd5 39. Bc4 Rfd8 40. Rc5 Kg7 41. Bxd5 Bf6 42. Kg2 Rb8 43. Rc7+ Kh8 44. Rf7 Bg7 45. f4 Rb2+ 46. Kh3 Re2 47. e4 Bd4 48. e5 1-0

[Event "26th Klatovy A 2018"]
[Site "Klatovy CZE"]
[Date "2018.07.04"]
[Round "5.15"]
[White "Furman, Boris"]
[Black "Kopriva, Martin"]
[Result "1-0"]
[WhiteElo "2203"]
[BlackElo "2068"]
[PlyCount "103"]
[EventDate "2018.06.30"]
[EventType "swiss"]
[EventRounds "9"]
[EventCountry "CZE"]

1. d4 g6 2. c4 Bg7 3. Nc3 d6 4. Nf3 Nf6 5. Bg5 O-O 6. e3 c5 7. d5 h6 8. Bh4 g5 9. Bg3 Nh5 10. Bd3 f5 11. Nd2 Nxg3 12. hxg3 Nd7 13. f4 gxf4 14. gxf4 Nf6 15. Qf3 Qe8 16. e4 e5 17. dxe6 Bxe6 18. O-O-O fxe4 19. Ndxe4 Nxe4 20. Qxe4 Bf5 21. Qxe8 Raxe8 22. Bxf5 Rxf5 23. Nd5 a6 24. Rde1 Rff8 25. a4 b6 26. g4 Rxe1+ 27. Rxe1 Rb8 28. Kc2 b5 29. cxb5 axb5 30. a5 b4 31. Kb3 Rb5 32. Ka4 Rb8 33. Re2 b3 34. Nb6 Bd4 35. Kxb3 c4+ 36. Kxc4 Bxb6 37. axb6 Rxb6 38. b4 Kf7 39. b5 Rb8 40. f5 Rc8+ 41. Kd5 Rg8 42. Rg2 Rb8 43. Kc4 Kf6 44. Rd2 Kg5 45. Rxd6 Kxg4 46. Rxh6 Kxf5 47. Kc5 Ke5 48. b6 Rc8+ 49. Rc6 Rb8 50. Rc7 Ra8 51. b7 Rb8 52. Kc6 1-0

[Event "26th Klatovy A 2018"]
[Site "Klatovy CZE"]
[Date "2018.07.04"]
[Round "5.16"]
[White "Hajek, Jiri2"]
[Black "Eret, Matous"]
[Result "1/2-1/2"]
[WhiteElo "2081"]
[BlackElo "2184"]
[PlyCount "125"]
[EventDate "2018.06.30"]
[EventType "swiss"]
[EventRounds "9"]
[EventCountry "CZE"]

1. b3 d6 2. Bb2 Nd7 3. e3 Ngf6 4. g3 g6 5. Bg2 Bg7 6. Nf3 O-O 7. O-O c6 8. d4 Qc7 9. c4 Rb8 10. Nc3 Re8 11. Rc1 e5 12. Qc2 Nh5 13. Rfd1 f5 14. dxe5 dxe5 15. Ba3 Bf8 16. Bxf8 Nxf8 17. Rd2 Be6 18. Rcd1 e4 19. Nd4 Nf6 20. Nce2 Rbd8 21. Nf4 Bf7 22. Qc3 Ng4 23. h4 Ne5 24. h5 g5 25. Nxf5 Rxd2 26. Rxd2 gxf4 27. exf4 Bxh5 28. fxe5 Qxe5 29. Qxe5 Rxe5 30. Nd6 Re7 31. Nxe4 Bg6 32. Nd6 a6 33. c5 Kg7 34. f4 Kf6 35. Kf2 Ne6 36. b4 a5 37. a3 axb4 38. axb4 h5 39. Bh3 Nc7 40. Nc8 Rf7 41. Rd6+ Kg7 42. Be6 Nxe6 43. Rxe6 Bf5 44. Re8 Bxc8 45. Rxc8 h4 46. Rd8 hxg3+ 47. Kxg3 Kf6 48. Kg4 Rg7+ 49. Kf3 Re7 50. Rf8+ Kg7 51. Rf5 Kg6 52. Rg5+ Kf6 53. Rg8 Kf7 54. Rh8 Kg7 55. Rd8 Kf6 56. Rd3 Kf5 57. Re3 Rd7 58. Re5+ Kf6 59. Ke3 Rd1 60. Re4 Kf5 61. Re5+ Kf6 62. Re4 Kf5 63. Re5+ 1/2-1/2

[Event "26th Klatovy A 2018"]
[Site "Klatovy CZE"]
[Date "2018.07.04"]
[Round "5.17"]
[White "Vevera, Radek"]
[Black "Simet, Martin"]
[Result "0-1"]
[WhiteElo "2064"]
[BlackElo "2182"]
[PlyCount "62"]
[EventDate "2018.06.30"]
[EventType "swiss"]
[EventRounds "9"]
[EventCountry "CZE"]

1. e4 c5 2. Nf3 d6 3. d4 cxd4 4. Nxd4 Nf6 5. Nc3 a6 6. Bg5 e6 7. Qe2 Be7 8. f4 h6 9. Bh4 Nxe4 10. Nxe4 Bxh4+ 11. g3 Be7 12. O-O-O d5 13. Bh3 O-O 14. f5 dxe4 15. Nxe6 Qa5 16. Nxf8 Qxa2 17. c3 Nc6 18. Qxe4 Bxf8 19. Rhe1 Na5 20. Rd8 Bxf5 21. Rxf8+ Rxf8 22. Bxf5 Nb3+ 23. Kc2 Nc5 24. Qe7 Na4 25. Qb4 g6 26. Bd7 b5 27. Rd1 Nb6 28. Bc6 Nc4 29. Re1 Rd8 30. Re8+ Rxe8 31. Bxe8 a5 0-1

[Event "26th Klatovy A 2018"]
[Site "Klatovy CZE"]
[Date "2018.07.04"]
[Round "5.19"]
[White "Jedlicka, Ales"]
[Black "Hlavac, Rudolf"]
[Result "1-0"]
[WhiteElo "2221"]
[BlackElo "1987"]
[PlyCount "41"]
[EventDate "2018.06.30"]
[EventType "swiss"]
[EventRounds "9"]
[EventCountry "CZE"]

1. d4 Nf6 2. c4 g6 3. Nc3 d5 4. cxd5 Nxd5 5. e4 Nxc3 6. bxc3 Bg7 7. Bc4 O-O 8. Ne2 c5 9. O-O Nc6 10. Be3 Qc7 11. Rc1 Rd8 12. Bf4 Qd7 13. d5 Qe8 14. Bd3 Na5 15. c4 Qd7 16. Qd2 b6 17. Bh6 Bh8 18. f4 e6 19. f5 Nc6 20. fxe6 fxe6 21. dxc6 1-0

[Event "26th Klatovy A 2018"]
[Site "Klatovy CZE"]
[Date "2018.07.04"]
[Round "5.20"]
[White "Vedral, Oldrich"]
[Black "Richter, Martin1"]
[Result "1-0"]
[WhiteElo "2203"]
[BlackElo "2009"]
[PlyCount "95"]
[EventDate "2018.06.30"]
[EventType "swiss"]
[EventRounds "9"]
[EventCountry "CZE"]

1. e4 e6 2. d4 d5 3. e5 c5 4. c3 Bd7 5. a3 Nc6 6. Nf3 f6 7. exf6 gxf6 8. Bd3 c4 9. Bc2 Qc7 10. O-O O-O-O 11. b3 cxb3 12. Bxb3 Bd6 13. c4 dxc4 14. Bxc4 Na5 15. Ba2 Ne7 16. Nbd2 Nd5 17. Ne4 Kb8 18. Nxd6 Qxd6 19. Bd2 Qa6 20. Qe1 Nc4 21. Bh6 Ncb6 22. Qd2 Rc8 23. Bb3 Rc3 24. Rfb1 Rg8 25. Ne1 Rg6 26. Bf4+ Ka8 27. Bg3 Nc4 28. Qe2 Qc6 29. Bc2 Rg7 30. Rb3 f5 31. Rxc3 Nxc3 32. Qh5 Qd5 33. Qh4 Bc6 34. Bd3 Nb2 35. Bf1 Rg8 36. Qxh7 Re8 37. Qc7 Qxd4 38. Qe5 Qxe5 39. Bxe5 Nba4 40. h4 Ne4 41. f3 Nec5 42. h5 Nd7 43. Bg7 Nf8 44. Nd3 Nh7 45. Ne5 Rg8 46. h6 Bd5 47. Nd7 Nc3 48. Bxc3 1-0

[Event "26th Klatovy A 2018"]
[Site "Klatovy CZE"]
[Date "2018.07.04"]
[Round "5.21"]
[White "Kostelecky, Daniel"]
[Black "Hadraba, Vladimir"]
[Result "1/2-1/2"]
[WhiteElo "1953"]
[BlackElo "2192"]
[PlyCount "91"]
[EventDate "2018.06.30"]
[EventType "swiss"]
[EventRounds "9"]
[EventCountry "CZE"]

1. e4 c5 2. Nf3 e6 3. d4 cxd4 4. Nxd4 a6 5. c4 Nf6 6. Nc3 Qc7 7. a3 Be7 8. Be3 d6 9. Be2 b6 10. f3 Nbd7 11. O-O O-O 12. Rc1 Bb7 13. Qd2 Rac8 14. b4 Qb8 15. Kh1 Ne5 16. Na4 Bd8 17. Rc2 Nxc4 18. Bxc4 b5 19. Nxe6 Rxc4 20. Nxf8 Rxc2 21. Qxc2 bxa4 22. Nxh7 Nxh7 23. Bf4 Bg5 24. Bg3 Nf6 25. Rd1 Ne8 26. Qxa4 Be7 27. Qd7 Kf8 28. Rc1 Qa8 29. Qf5 Qa7 30. Re1 Bc6 31. e5 dxe5 32. Bxe5 Qd7 33. Qh7 f6 34. Bc3 Qd5 35. Qc2 Qd7 36. Qe2 Bb5 37. Qf2 Bd6 38. Bd4 Kg8 39. Qe3 Qf7 40. Bc5 Be5 41. f4 Bc7 42. Qd4 Bc6 43. Kg1 Qa2 44. Qf2 Qc4 45. g3 Qd5 46. Kf1 1/2-1/2

[Event "26th Klatovy A 2018"]
[Site "Klatovy CZE"]
[Date "2018.07.04"]
[Round "5.22"]
[White "Simunek, Filip"]
[Black "Odehnal, Jaroslav"]
[Result "1-0"]
[WhiteElo "2184"]
[BlackElo "1974"]
[PlyCount "73"]
[EventDate "2018.06.30"]
[EventType "swiss"]
[EventRounds "9"]
[EventCountry "CZE"]

1. d4 Nf6 2. c4 g6 3. Nc3 d5 4. Nf3 Bg7 5. cxd5 Nxd5 6. e4 Nxc3 7. bxc3 O-O 8. h3 c5 9. Be2 Nc6 10. Be3 cxd4 11. cxd4 Qa5+ 12. Bd2 Qa3 13. d5 Ne5 14. Nxe5 Bxe5 15. O-O Bxh3 16. Rb1 Bc8 17. Bb4 Qxa2 18. Bxe7 Re8 19. Bb4 Bd7 20. Bd3 Rac8 21. f4 Bg7 22. Qf3 b6 23. e5 a5 24. Rf2 Qa4 25. Bd2 Qd4 26. Bb5 Bxb5 27. Rxb5 a4 28. d6 Rc2 29. Be3 Qc4 30. Rxc2 Qxc2 31. Bxb6 Qc1+ 32. Kh2 a3 33. Ra5 Qb2 34. d7 Rf8 35. d8=Q Rxd8 36. Bxd8 a2 37. Qa8 1-0

[Event "26th Klatovy A 2018"]
[Site "Klatovy CZE"]
[Date "2018.07.04"]
[Round "5.23"]
[White "Cmiko, Jakub"]
[Black "Tscharotschkin, Michael"]
[Result "0-1"]
[WhiteElo "2015"]
[BlackElo "2124"]
[PlyCount "107"]
[EventDate "2018.06.30"]
[EventType "swiss"]
[EventRounds "9"]
[EventCountry "CZE"]

1. c4 e6 2. Nc3 d5 3. cxd5 exd5 4. d4 Bf5 5. Bf4 c6 6. e3 Nf6 7. Bd3 Bxd3 8. Qxd3 Bd6 9. Nge2 O-O 10. O-O Bxf4 11. Nxf4 Re8 12. f3 Nbd7 13. e4 dxe4 14. fxe4 Qb6 15. Kh1 Rad8 16. Qe3 c5 17. d5 Qb4 18. Rae1 b6 19. Nd3 Qd4 20. Qf3 Ne5 21. Nxe5 Qxe5 22. Qd3 Ng4 23. g3 Rd6 24. Rf4 g5 25. Rff1 Rh6 26. Re2 Rf6 27. Rxf6 Qxf6 28. Kg2 Ne5 29. Qe3 Kg7 30. Qf2 Qg6 31. h3 Rd8 32. Qe3 Rd6 33. Nb5 Rd7 34. Qc3 f6 35. Na3 g4 36. h4 Nf3 37. Nc2 Qe8 38. b3 Rxd5 39. Qe3 Rd8 40. Qf4 Ne5 41. Ne3 Qc6 42. Nf5+ Kh8 43. Rd2 Rxd2+ 44. Qxd2 Qe8 45. Qh6 Qf7 46. Qd2 Qd7 47. Qh6 Kg8 48. Qf4 Qd3 49. Nh6+ Kg7 50. Nxg4 Qe2+ 51. Nf2 h5 52. Qf5 Ng4 53. Qd7+ Kh6 54. Qf5 0-1

[Event "26th Klatovy A 2018"]
[Site "Klatovy CZE"]
[Date "2018.07.04"]
[Round "5.24"]
[White "Krutsky, Martin"]
[Black "Smid, Pavel"]
[Result "1/2-1/2"]
[WhiteElo "2123"]
[BlackElo "1964"]
[PlyCount "106"]
[EventDate "2018.06.30"]
[EventType "swiss"]
[EventRounds "9"]
[EventCountry "CZE"]

1. e4 e6 2. d4 d5 3. Nd2 c5 4. exd5 Qxd5 5. Ngf3 cxd4 6. Bc4 Qd7 7. O-O Nf6 8. Nb3 Nc6 9. Nbxd4 a6 10. Re1 Be7 11. Nxc6 Qxc6 12. Qe2 b5 13. Ne5 Qc7 14. Bb3 O-O 15. Bf4 Bd6 16. Rad1 Bb7 17. f3 Nd5 18. Bg3 Rfe8 19. c4 bxc4 20. Qxc4 Qxc4 21. Nxc4 Bb4 22. Re2 a5 23. a3 Bc5+ 24. Bf2 Bxf2+ 25. Kxf2 Red8 26. Ba4 Ba6 27. Rc2 Bxc4 28. Rxc4 Rab8 29. Rc2 g6 30. g3 Kf8 31. Rdd2 Rdc8 32. Rxc8+ Rxc8 33. Rc2 Rxc2+ 34. Bxc2 Ke7 35. Ke2 Kd6 36. Kd3 Kc5 37. f4 Nf6 38. Bd1 h5 39. b3 Nd5 40. Be2 f5 41. Bf3 Nf6 42. Kc3 h4 43. b4+ axb4+ 44. axb4+ Kd6 45. Kd4 Nd7 46. b5 e5+ 47. fxe5+ Nxe5 48. Bd5 Ng4 49. b6 hxg3 50. hxg3 Nf6 51. b7 Kc7 52. Bf3 g5 53. Ke5 g4 1/2-1/2

[Event "26th Klatovy A 2018"]
[Site "Klatovy CZE"]
[Date "2018.07.04"]
[Round "5.25"]
[White "Seemann, Jakub"]
[Black "Routner, Jakub"]
[Result "1-0"]
[WhiteElo "1814"]
[BlackElo "2096"]
[PlyCount "61"]
[EventDate "2018.06.30"]
[EventType "swiss"]
[EventRounds "9"]
[EventCountry "CZE"]

1. e4 c5 2. Nf3 e6 3. d4 cxd4 4. Nxd4 a6 5. Bd3 Nc6 6. Nxc6 bxc6 7. O-O d5 8. Nd2 Nf6 9. Re1 Be7 10. c4 Bb7 11. e5 Nd7 12. Qg4 g6 13. Nf3 h5 14. Qg3 Rg8 15. Bg5 Nc5 16. Bc2 Bxg5 17. Nxg5 Qe7 18. b4 Nd7 19. cxd5 cxd5 20. Ba4 O-O-O 21. Rac1+ Kb8 22. Bc6 Nb6 23. b5 Rc8 24. Nf3 Bxc6 25. bxc6 Kc7 26. Nd4 Ra8 27. Re3 Nc4 28. Rb3 Rgb8 29. Rcb1 Kc8 30. Rb7 Na5 31. Qc3 1-0

[Event "26th Klatovy A 2018"]
[Site "Klatovy CZE"]
[Date "2018.07.04"]
[Round "5.26"]
[White "Novy, Vaclav"]
[Black "Hlozek, David"]
[Result "1-0"]
[WhiteElo "2065"]
[BlackElo "1852"]
[PlyCount "55"]
[EventDate "2018.06.30"]
[EventType "swiss"]
[EventRounds "9"]
[EventCountry "CZE"]

1. e4 c5 2. Nf3 d6 3. Bb5+ Bd7 4. Bxd7+ Qxd7 5. O-O g6 6. Qe2 Bg7 7. c3 Nc6 8. Rd1 Nf6 9. d4 cxd4 10. cxd4 O-O 11. Nc3 Ne8 12. Bf4 Nc7 13. Qd2 Rfd8 14. d5 Nb4 15. Be3 f5 16. exf5 Qxf5 17. Bd4 Nc2 18. Bxg7 Nxa1 19. Nd4 Nb3 20. axb3 Qf7 21. Bh6 Nxd5 22. Nf3 Nc7 23. Ne4 Qxb3 24. Nd4 Qd5 25. Re1 Ne8 26. Qf4 Ng7 27. Bxg7 Kxg7 28. Ng5 1-0

[Event "26th Klatovy A 2018"]
[Site "Klatovy CZE"]
[Date "2018.07.04"]
[Round "5.27"]
[White "Lhotsky, Zdenek"]
[Black "Kusa, Jakub"]
[Result "0-1"]
[WhiteElo "1825"]
[BlackElo "2046"]
[PlyCount "54"]
[EventDate "2018.06.30"]
[EventType "swiss"]
[EventRounds "9"]
[EventCountry "CZE"]

1. e4 e5 2. Nf3 Nc6 3. Bb5 a6 4. Ba4 Nf6 5. Qe2 Be7 6. c3 b5 7. Bb3 d5 8. exd5 Nxd5 9. Nxe5 Nxe5 10. Qxe5 Nf6 11. d4 O-O 12. O-O Bd6 13. Qg5 Bb7 14. Bf4 h6 15. Qh4 g5 16. Bxg5 hxg5 17. Qxg5+ Kh8 18. Bc2 Ne4 19. Qh5+ Kg7 20. Qf5 Bxh2+ 21. Kxh2 Rh8+ 22. Kg1 Qh4 23. Qh3 Qf4 24. g3 Qf3 25. Bd1 Qxd1 26. Qxh8+ Rxh8 27. Rxd1 Nxc3 0-1

[Event "26th Klatovy A 2018"]
[Site "Klatovy CZE"]
[Date "2018.07.04"]
[Round "5.28"]
[White "Brejnik, Gustav"]
[Black "Hlavina, Matous"]
[Result "1/2-1/2"]
[WhiteElo "2120"]
[BlackElo "1776"]
[PlyCount "46"]
[EventDate "2018.06.30"]
[EventType "swiss"]
[EventRounds "9"]
[EventCountry "CZE"]

1. d4 Nf6 2. c4 g6 3. g3 Bg7 4. Bg2 d5 5. cxd5 Nxd5 6. Nf3 Nb6 7. O-O Nc6 8. e3 O-O 9. Nc3 Re8 10. Nh4 e5 11. d5 Na5 12. e4 c6 13. b4 Nac4 14. dxc6 bxc6 15. Qc2 Qe7 16. Rb1 Be6 17. Rd1 Red8 18. Bf1 Rd7 19. Rxd7 Bxd7 20. Nd1 f6 21. Nf3 Qf7 22. a3 Rd8 23. Nc3 Bf8 1/2-1/2

[Event "26th Klatovy A 2018"]
[Site "Klatovy CZE"]
[Date "2018.07.04"]
[Round "5.29"]
[White "Dolansky, Lukas"]
[Black "Skopec, Lubos"]
[Result "1-0"]
[WhiteElo "2184"]
[BlackElo "1981"]
[PlyCount "91"]
[EventDate "2018.06.30"]
[EventType "swiss"]
[EventRounds "9"]
[EventCountry "CZE"]

1. e4 c5 2. Nf3 d6 3. g3 Nc6 4. Bg2 Nf6 5. d3 Nd4 6. c3 Nxf3+ 7. Qxf3 g6 8. Qe2 Bg7 9. O-O O-O 10. f4 Nd7 11. Be3 Rb8 12. Nd2 b5 13. Nf3 b4 14. c4 Bb7 15. Rad1 Qa5 16. b3 Rbd8 17. Rf2 Qc7 18. h4 Nf6 19. Nh2 Bc8 20. g4 a5 21. Bf3 a4 22. h5 Ne8 23. Nf1 f6 24. hxg6 hxg6 25. f5 g5 26. d4 cxd4 27. Bxd4 axb3 28. axb3 e5 29. Be3 Rf7 30. Qe1 Qb8 31. Ra2 Rb7 32. Rda1 Bd7 33. Bd2 Bc6 34. Ne3 Bf8 35. Nc2 d5 36. exd5 Bc5+ 37. Be3 Bxe3+ 38. Qxe3 Bd7 39. d6 Nxd6 40. Ra8 Qc7 41. Rxd8+ Qxd8 42. Bxb7 Nxb7 43. Nxb4 Qb8 44. Nd5 Qd6 45. Ra7 Bc6 46. Qb6 1-0

[Event "26th Klatovy A 2018"]
[Site "Klatovy CZE"]
[Date "2018.07.04"]
[Round "5.30"]
[White "Neuendorf, Max"]
[Black "Pick, Stepan"]
[Result "1/2-1/2"]
[WhiteElo "1981"]
[BlackElo "2113"]
[PlyCount "39"]
[EventDate "2018.06.30"]
[EventType "swiss"]
[EventRounds "9"]
[EventCountry "CZE"]

1. e4 e6 2. d3 c5 3. Nf3 d5 4. Nbd2 Nc6 5. g3 Bd6 6. Bg2 Nge7 7. O-O O-O 8. c3 b5 9. exd5 Nxd5 10. Ne4 Ba6 11. Nxd6 Qxd6 12. Qc2 Rac8 13. b3 Rfd8 14. Bb2 b4 15. c4 Nc3 16. Bxc3 bxc3 17. Qxc3 Qxd3 18. Qxd3 Rxd3 19. Rfd1 Rdd8 20. Rd2 1/2-1/2

[Event "26th Klatovy A 2018"]
[Site "Klatovy CZE"]
[Date "2018.07.04"]
[Round "5.31"]
[White "Novotny, Jaroslav2"]
[Black "Hulin, Petr"]
[Result "1-0"]
[WhiteElo "1933"]
[BlackElo "2090"]
[PlyCount "120"]
[EventDate "2018.06.30"]
[EventType "swiss"]
[EventRounds "9"]
[EventCountry "CZE"]

1. e4 c5 2. Nf3 e6 3. d4 cxd4 4. Nxd4 a6 5. Bd3 Nf6 6. O-O d6 7. c4 Be7 8. Nc3 Nbd7 9. Be3 Qc7 10. Rc1 b6 11. b3 Bb7 12. Bb1 Rd8 13. Qe2 Qb8 14. Rfe1 Qa8 15. Bg5 h6 16. Bh4 O-O 17. Bg3 Rfe8 18. Rcd1 Nf8 19. f4 d5 20. e5 Ne4 21. Nxe4 dxe4 22. Bxe4 Bb4 23. Bxb7 Qxb7 24. Rf1 Bc5 25. Bf2 Ng6 26. g3 Ne7 27. Rd3 Rd7 28. Rfd1 Red8 29. Nf3 Nf5 30. Bxc5 bxc5 31. Rxd7 Rxd7 32. Rxd7 Qxd7 33. Kf2 Qb7 34. Qd2 Qe4 35. Qe2 Qb1 36. Qd2 Qe4 37. g4 Nd4 38. Nxd4 cxd4 39. c5 g5 40. fxg5 Qxe5 41. gxh6 Qxh2+ 42. Ke1 Qg1+ 43. Ke2 Qxg4+ 44. Kd3 Qf5+ 45. Kc4 Qd5+ 46. Kb4 a5+ 47. Kb5 Qb7+ 48. Kxa5 Qa7+ 49. Kb5 Qb7+ 50. Kc4 Qd5+ 51. Kb4 Qb7+ 52. Ka4 Qc6+ 53. Kb4 Qb7+ 54. Ka3 Qa7+ 55. Kb2 Qxc5 56. a3 Kh7 57. Qc2+ Qf5 58. Qxf5+ exf5 59. Kc2 f4 60. Kd3 f3 1-0

[Event "26th Klatovy A 2018"]
[Site "Klatovy CZE"]
[Date "2018.07.04"]
[Round "5.32"]
[White "Flajsman, Pavel"]
[Black "Strnad, Jakub"]
[Result "1/2-1/2"]
[WhiteElo "1828"]
[BlackElo "2055"]
[PlyCount "67"]
[EventDate "2018.06.30"]
[EventType "swiss"]
[EventRounds "9"]
[EventCountry "CZE"]

1. d4 d5 2. c4 e6 3. Nc3 Nf6 4. Bg5 Nbd7 5. cxd5 exd5 6. e3 Be7 7. Bd3 O-O 8. Qc2 c6 9. Nf3 Re8 10. O-O Ne4 11. Bxe7 Qxe7 12. Rab1 Ndf6 13. b4 a6 14. a4 Ng4 15. h3 Ngxf2 16. Rxf2 Nxf2 17. Qxf2 Qxe3 18. Re1 Qxf2+ 19. Kxf2 Rxe1 20. Kxe1 f6 21. a5 Bd7 22. Na4 Re8+ 23. Kd2 Re7 24. Nc5 Bc8 25. Nh4 g6 26. Bc2 Kg7 27. Bd3 Kh6 28. Nf3 g5 29. g4 Kg7 30. Be2 h5 31. Nh2 hxg4 32. hxg4 Re8 33. Nf1 Re7 34. Ne3 1/2-1/2

[Event "26th Klatovy A 2018"]
[Site "Klatovy CZE"]
[Date "2018.07.04"]
[Round "5.33"]
[White "Stolc, Martin"]
[Black "Kovar, Petr"]
[Result "1/2-1/2"]
[WhiteElo "2043"]
[BlackElo "1911"]
[PlyCount "29"]
[EventDate "2018.06.30"]
[EventType "swiss"]
[EventRounds "9"]
[EventCountry "CZE"]

1. e4 c5 2. f4 g6 3. Nf3 Bg7 4. Bc4 Nc6 5. O-O e6 6. d3 Nge7 7. Bb5 O-O 8. c4 d5 9. e5 b6 10. Bxc6 Nxc6 11. Nc3 dxc4 12. dxc4 Qxd1 13. Rxd1 Ba6 14. Rd6 Nb4 15. b3 1/2-1/2